[Event "44th Open Sitges 2018"]
[Site "Sitges"]
[Date "2018.07.29"]
[Round "9"]
[White "Argandona Riveiro, Inigo"]
[Black "Gonzales, Jayson"]
[Result "1-0"]
[WhiteElo "2423"]
[BlackElo "2367"]
[Annotator "NA"]
[PlyCount "111"]
[EventDate "2018.07.22"]
[EventType "swiss"]
[EventCountry "ESP"]
[SourceTitle "playchess.com"]
[Source "ChessBase"]
[SourceQuality "1"]
[TimeControl "40/5400+30:1800+30"]

1. Nf3 {[%emt 0:00:03]} d6 {[%emt 0:04:14]} 2. d4 {[%emt 0:01:03]} Nf6 {[%emt 0:01:43]} 3. c4 {[%emt 0:00:29]} Nbd7 {[%emt 0:00:40]} 4. Nc3 {[%emt 0:01:04]} e5 {[%emt 0:00:20]} 5. e4 {[%emt 0:05:05]} c6 {[%emt 0:01:10]} 6. Be2 {[%emt 0:00:05]} Be7 {[%emt 0:01:08]} 7. O-O {[%emt 0:00:02]} O-O {[%emt 0:00:07]} 8. Re1 {[%emt 0:00:04]} a6 {[%emt 0:00:34]} 9. Bf1 {[%emt 0:06:17]} Qc7 $14 {[%emt 0:04:32]} 10. Rb1 {[%emt 0:07:12]} b5 {[%emt 0:03:18]} 11. cxb5 {[%emt 0:06:20]} cxb5 {[%emt 0:03:37]} 12. a3 {[%emt 0:01:55]} Bb7 {[%emt 0:00:52]} 13. g3 {[%emt 0:05:41]} Rfe8 {[%emt 0:01:22]} 14. Bg2 {[%emt 0:00:26]} Rac8 {[%emt 0:00:23]} 15. h3 {[%emt 0:02:06]} Qb8 {[%emt 0:01:30]} 16. Nh4 {[%emt 0:13:49]} Bf8 {[%emt 0:03:12]} 17. dxe5 {[%emt 0:06:03]} dxe5 {[%emt 0:00:41]} 18. Nf5 {[%emt 0:00:21]} Qa8 {[%emt 0:10:46]} 19. Qf3 {[%emt 0:06:21]} b4 {[%emt 0:05:31]} 20. axb4 {[%emt 0:00:17]} Bxb4 {[%emt 0:09:04]} 21. Bg5 {[%emt 0:02:10]} Re6 {[%emt 0:03:09]} 22. Rbd1 {[%emt 0:03:56]} Kf8 {[%emt 0:18:30]} 23. Re3 {[%emt 0:00:44]} Nb6 {[%emt 0:08:04]} 24. Bxf6 {[%emt 0:04:35]} Rxf6 {[%emt 0:00:14]} 25. Qg4 {[%emt 0:00:23]} Rg6 {[%emt 0:03:29]} 26. Qh4 {[%emt 0:00:01]} h6 {[%emt 0:01:53]} 27. Red3 {[%emt 0:08:50]} Kg8 {[%emt 0:00:11]} 28. Ne7+ {[%emt 0:00:23]} Bxe7 {[%emt 0:00:19]} 29. Qxe7 {[%emt 0:00:02]} Re6 {[%emt 0:04:04]} 30. Rd8+ {[%emt 0:00:28]} Kh7 {[%emt 0:00:02]} 31. Qxf7 {[%emt 0:01:25]} Rxd8 {[%emt 0:00:22]} 32. Rxd8 {[%emt 0:01:11]} Qxd8 {[%emt 0:00:27]} 33. Qxe6 {[%emt 0:00:02]} Qd4 {[%emt 0:00:46]} 34. Nd5 {[%emt 0:01:01]} Bxd5 {[%emt 0:06:32]} 35. exd5 {[%emt 0:00:02]} Nc4 {[%emt 0:00:05]} 36. Qf5+ {[%emt 0:07:27]} Kg8 {[%emt 0:00:59]} 37. Qc8+ {[%emt 0:00:08]} Kh7 {[%emt 0:00:29]} 38. Qf5+ {[%emt 0:00:06]} Kg8 {[%emt 0:00:12]} 39. b3 {[%emt 0:02:24]} Nd2 {[%emt 0:02:42]} 40. Qe6+ {[%emt 0:00:16]} Kh7 {[%emt 0:00:25]} 41. d6 {[%emt 0:01:12]} Qa1+ {[%emt 0:02:20]} 42. Kh2 {[%emt 0:00:02]} Nf1+ {[%emt 0:00:15]} 43. Bxf1 {[%emt 0:00:34]} Qxf1 {[%emt 0:00:02]} 44. Qf5+ {[%emt 0:03:09]} Kg8 {[%emt 0:00:10]} 45. Qc8+ {[%emt 0:07:01]} Kf7 {[%emt 0:04:28]} 46. Qf5+ {[%emt 0:00:13]} Kg8 {[%emt 0:00:08]} 47. d7 {[%emt 0:00:02]} Qd1 {[%emt 0:06:39]} 48. Qe6+ {[%emt 0:07:25]} Kh7 {[%emt 0:00:11]} 49. Qc6 {[%emt 0:00:32]} Qd3 {[%emt 0:03:19]} 50. h4 {[%emt 0:02:11]} h5 {[%emt 0:01:12]} 51. Qe6 {[%emt 0:03:41]} e4 {[%emt 0:06:45]} 52. Qf7 {[%emt 0:00:46]} Qd1 {[%emt 0:02:11]} 53. Qf5+ {[%emt 0:00:20]} Kg8 {[%emt 0:00:30]} 54. Qe6+ {[%emt 0:00:09]} Kh7 {[%emt 0:00:24]} 55. Qxe4+ {[%emt 0:00:05]} Kg8 {[%emt 0:00:30]} 56. Qe6+ 1-0

[Event "44th Open Sitges 2018"]
[Site "Sitges"]
[Date "2018.07.29"]
[Round "9"]
[White "Abhishek, Das"]
[Black "Anuj, Shrivatri"]
[Result "1/2-1/2"]
[WhiteElo "2325"]
[BlackElo "2094"]
[Annotator "NA"]
[PlyCount "58"]
[EventDate "2018.07.22"]
[EventType "swiss"]
[EventCountry "ESP"]
[SourceTitle "playchess.com"]
[Source "ChessBase"]
[SourceQuality "1"]
[TimeControl "40/5400+30:1800+30"]

1. e4 {[%emt 0:00:52]} e5 {[%emt 0:00:07]} 2. Nf3 {[%emt 0:00:04]} Nc6 {[%emt 0:00:25]} 3. Nc3 {[%emt 0:00:05]} Nf6 {[%emt 0:00:05]} 4. Bb5 {[%emt 0:00:03]} Bb4 {[%emt 0:00:06]} 5. O-O {[%emt 0:00:06]} O-O {[%emt 0:01:10]} 6. d3 {[%emt 0:00:04]} Bxc3 {[%emt 0:00:03]} 7. bxc3 {[%emt 0:00:06]} d6 {[%emt 0:00:03]} 8. Bg5 {[%emt 0:00:07]} Qe7 {[%emt 0:00:05]} 9. Re1 {[%emt 0:00:07]} a6 {[%emt 0:00:03]} 10. Bc4 {[%emt 0:01:22]} h6 {[%emt 0:00:25]} 11. Bh4 {[%emt 0:00:10]} Na5 {[%emt 0:00:06]} 12. Nd2 {[%emt 0:04:03]} Nxc4 {[%emt 0:16:14]} 13. Nxc4 {[%emt 0:00:07]} Qe6 {[%emt 0:07:44]} 14. Ne3 {[%emt 0:04:10]} g6 {[%emt 0:06:08]} 15. a4 {[%emt 0:06:43]} a5 {[%emt 0:06:56]} 16. Rb1 {[%emt 0:04:47]} b6 {[%emt 0:04:01]} 17. c4 {[%emt 0:06:42]} Bb7 {[%emt 0:06:31]} 18. Qf3 {[%emt 0:08:48]} Ne8 {[%emt 0:02:41]} 19. Nd5 {[%emt 0:19:08]} Bxd5 {[%emt 0:01:20]} 20. cxd5 {[%emt 0:04:26]} Qd7 {[%emt 0:00:24]} 21. Rb5 {[%emt 0:00:37]} g5 {[%emt 0:05:07]} 22. Bg3 {[%emt 0:01:16]} f5 {[%emt 0:00:24]} 23. exf5 {[%emt 0:00:22]} Qxf5 {[%emt 0:00:18]} 24. Qxf5 {[%emt 0:07:04]} Rxf5 {[%emt 0:15:35]} 25. Re4 Nf6 {[%emt 0:00:05]} 26. Rc4 Ne8 {[%emt 0:00:07]} 27. Re4 Rf7 28. Rc4 {[%emt 0:00:03]} Nf6 {[%emt 0:00:03]} 29. f3 h5 {[%emt 0:00:12]} 1/2-1/2

[Event "44th Open Sitges 2018"]
[Site "Sitges"]
[Date "2018.07.29"]
[Round "9"]
[White "Frayna, Janelle Mae"]
[Black "Miciano, John Marvin"]
[Result "1/2-1/2"]
[WhiteElo "2315"]
[BlackElo "2411"]
[Annotator "TA"]
[PlyCount "217"]
[EventDate "2018.07.22"]
[EventType "swiss"]
[EventCountry "ESP"]
[SourceTitle "playchess.com"]
[Source "ChessBase"]
[SourceQuality "1"]

{[%evp 19,217,29,64,34,65,61,81,75,101,8,8,6,18,5,8,0,0,0,0,-3,0,0,0,0,0,0,0,0,0,0,7,0,0,0,41,0,18,16,106,0,237,231,219,0,256,-15,156,1,137,10,12,11,16,0,0,0,8,0,12,-10,0,0,12,-10,-12,-12,-10,-10,-10,-10,0,-10,-10,-10,-10,-10,-10,-10,-10,-10,-10,-10,0,8,351,-10,131,0,0,0,0,0,0,-10,0,-10,-10,-10,-10,-10,-10,-10,-10,-10,-10,-65,-10,-65,0,-10,-10,-10,-10,-10,0,0,0,0,0,0,0,0,0,0,0,-367,0,0,547,0,0,-239,0,0,0,0,0,0,0,0,0,0,0,-1,-1,-1,-1,-282,8,-2,0,0,0,-2,-2,-2,-2,-2,0,-3,0,0,0,0,0,0,0,0,0,0,0,0,0,0,0,0,0,0,0,0,0,0,0,0,0,0,0,0,0,0,0,0,0,0,0,0,0,0,0,0]} 1. Nf3 g6 2. d4 Bg7 3. c4 Nf6 4. g3 O-O 5. Bg2 d6 6. O-O c6 7. Nc3 Qa5 8. h3 e5 9. e4 Nbd7 10. Re1 a6 {LiveBook: 5 Games. E69: King's Indian: Fianchetto: 6...Nbd7 7 0-0 e5 8 e4 c6 9 h3} (10... exd4 11. Nxd4 Ne5 12. Bf1 Qb6 13. Be3 c5 14. Nb3 Be6 15. Nd5 Bxd5 16. exd5 Rae8 17. Kg2 Re7 18. Qc2 Rfe8 19. Bd2 Qd8 20. a4 {0-1 (38) Howell,D (2676)-McShane,L (2640) London 2017}) 11. a3 Qc7 12. Be3 b5 {White is slightly better.} 13. c5 $146 ({Predecessor:} 13. cxb5 axb5 14. Qc2 Qa5 15. b4 Qd8 16. a4 Ba6 17. axb5 cxb5 18. Ra5 {0-1 (43) Wolske,G-Maslik,M (2180) Pardubice 1996}) 13... dxc5 14. dxc5 (14. dxe5 $1 $16 Nxe5 15. Nxe5) 14... Rd8 $11 15. Qc2 Nf8 16. Red1 Be6 17. b4 a5 18. Rxd8 Rxd8 19. Rd1 Ra8 20. Ng5 Bc4 21. Bf1 Bxf1 22. Kxf1 h6 23. Nf3 Ne6 24. Kg2 Ne8 25. Qd2 Rd8 26. Qc2 Kh8 27. Rd2 Rxd2 28. Qxd2 Kh7 {[#]} (28... axb4 $1 $11 {remains equal.} 29. axb4 Kh7) 29. Qd3 (29. bxa5 $1 $16 Nf6 30. a6) 29... Qd8 $2 (29... Nf6 $11) 30. Qxd8 $18 Nxd8 31. Nd2 $2 ({White must play} 31. bxa5 $18 Nc7 32. Nd2) 31... Kg8 $2 {[%mdl 8192]} (31... a4 $11) 32. Kf3 $2 (32. bxa5 $18 Nc7 33. Na2) 32... Kf8 $2 (32... f5 $11) 33. Ke2 $2 (33. bxa5 $16 Nc7 34. Na2) 33... Ke7 (33... axb4 $11 {keeps the balance.} 34. axb4 Ke7) 34. Kd3 (34. bxa5 $16 {And now a6 would win.} Kd7 35. Na2) 34... axb4 $11 35. axb4 Nc7 36. Nb3 Na6 37. Na2 Kd7 38. g4 Ne6 39. Bd2 Bf8 40. Be3 Bg7 41. Bd2 Bf6 42. Be3 Bg5 43. Nd2 Bxe3 44. fxe3 {[%mdl 4096] Endgame KNN-KNN} Nf8 45. h4 Nh7 46. Ke2 Nf6 47. Kf3 h5 48. gxh5 Nxh5 49. Nb3 Nc7 50. Nac1 Nf6 51. Nd3 Ke7 $2 {[%mdl 8192]} (51... Ke6 $11) 52. Ke2 $2 (52. Nxe5 $18 Nd7 53. Nxc6+ Kf6 54. Nbd4) 52... Nd7 (52... Ke6 $11) 53. Kf3 (53. Na5 $16) 53... Ne6 54. Na5 Nd8 55. Nf2 Nf6 56. Nh1 Ng8 57. Ng3 Kd7 58. Kf2 Kc7 59. Ke2 Nf6 60. Nb3 Ne6 61. Na5 Kd7 62. Nb7 ({White should try} 62. Nb3 $1 $11) 62... Ne8 (62... Nc7 $1 $15 63. Nd6 Ke7) 63. Na5 (63. Kd3 $11) 63... Nf6 (63... N6c7 $1 $15 64. Kd3 Nf6) 64. Nb3 Ng7 65. Kf3 Kc7 66. Ke2 Ngh5 67. Nxh5 Nxh5 {KN-KN} 68. Nd2 Kd7 69. Nb3 Nf6 70. Kf3 Ng8 71. Na5 Nf6 72. Ke2 $2 {[%mdl 8192]} (72. Nb3 $11) 72... Kc7 $2 ({Black should play} 72... Nxe4 $19 {Strongly threatening ...Nc3+.} 73. Kd3 f5) 73. Kf3 Kd8 $2 {[%mdl 8192]} (73... Nh7 $11) 74. Nb3 $2 ({Only move:} 74. Nxc6+ $18 Ke8 75. Nxe5) 74... Nd7 75. Nd2 $2 {[#]} (75. Kg4 $11 {and White is okay.}) 75... Nf6 $2 (75... Nb8 $1 $19 {Threatens to win with ...Na6.} 76. Kg4 f6) 76. Nb3 Ng8 77. Kg4 Nf6+ 78. Kf3 Kc7 79. Nd2 Kd8 80. Nb3 Kd7 81. Nd2 Ne8 82. Nb3 Nc7 {Hoping for ...Na6.} 83. Kg4 $2 {[%mdl 8192]} (83. Nc1 $1 $11 {and White stays safe.}) 83... Ke6 $2 (83... Na6 $19 {White must now prevent ...Ke6.} 84. h5 gxh5+ 85. Kxh5 Nxb4) 84. Nc1 {The position is equal.} Kf6 85. Nd3 Ke6 86. Kf3 Na6 87. Kf2 f6 88. Kg3 Kf7 89. Kf3 Kg7 90. Kg4 Nc7 91. h5 gxh5+ 92. Kxh5 Kh7 93. Kg4 Kh6 94. Kh4 Kg6 95. Kg4 Kf7 96. Kf5 Na6 97. Kg4 Ke6 98. Kf3 Nc7 99. Kg4 Na6 100. Kf3 f5 101. exf5+ Kxf5 {aiming for ...e4+.} 102. e4+ Kf6 103. Ke3 Nc7 104. Nf2 Ke6 105. Nd3 Ne8 106. Nc1 $1 Ng7 107. Nd3 Kf6 108. Nf2 Nh5 109. Nd3 {Precision: White = 47%, Black = 43%.} 1/2-1/2

[Event "44th Open Sitges 2018"]
[Site "Sitges"]
[Date "2018.07.29"]
[Round "9"]
[White "Blasco Coll, Andreu"]
[Black "Pogorelov, Ruslan"]
[Result "1/2-1/2"]
[WhiteElo "2242"]
[BlackElo "2373"]
[Annotator "NA"]
[PlyCount "129"]
[EventDate "2018.07.22"]
[EventType "swiss"]
[EventCountry "ESP"]
[SourceTitle "playchess.com"]
[Source "ChessBase"]
[SourceQuality "1"]
[TimeControl "40/5400+30:1800+30"]

1. d4 {[%emt 0:00:05]} Nf6 {[%emt 0:00:06]} 2. c4 {[%emt 0:00:08]} e6 {[%emt 0:00:05]} 3. Nc3 {[%emt 0:00:12]} Bb4 {[%emt 0:00:08]} 4. e3 {[%emt 0:00:14]} O-O {[%emt 0:00:12]} 5. Nge2 {[%emt 0:00:14]} d5 {[%emt 0:00:08]} 6. a3 {[%emt 0:00:14]} Be7 {[%emt 0:00:06]} 7. cxd5 {[%emt 0:00:17]} exd5 {[%emt 0:00:08]} 8. Nf4 {[%emt 0:00:17]} c6 {[%emt 0:00:09]} 9. Bd3 {[%emt 0:00:25]} Re8 {[%emt 0:01:15]} 10. O-O {[%emt 0:00:35]} Bd6 {[%emt 0:01:12]} 11. Bd2 {[%emt 0:05:03]} b6 {[%emt 0:01:03]} 12. Rc1 {[%emt 0:02:58]} Bxf4 {[%emt 0:17:12]} 13. exf4 {[%emt 0:00:08]} Ba6 {[%emt 0:00:07]} 14. Bxa6 {[%emt 0:02:57]} Nxa6 {[%emt 0:00:09]} 15. Qa4 {[%emt 0:02:16]} Qc8 {[%emt 0:01:10]} 16. Rfe1 {[%emt 0:12:42]} Qb7 {[%emt 0:06:48]} 17. Re5 {[%emt 0:06:51]} Nd7 {[%emt 0:01:15]} 18. Re3 {[%emt 0:00:29]} Rxe3 {[%emt 0:00:33]} 19. Bxe3 {[%emt 0:00:16]} Re8 {[%emt 0:07:13]} 20. Na2 {[%emt 0:02:08]} c5 {[%emt 0:20:24]} 21. Nc3 {[%emt 0:03:17]} Nab8 {[%emt 0:01:45]} 22. Qb3 {[%emt 0:14:02]} c4 {[%emt 0:03:39]} 23. Qc2 {[%emt 0:02:37]} Nf6 {[%emt 0:02:44]} 24. f5 {[%emt 0:04:17]} h6 {[%emt 0:01:43]} 25. Qd1 {[%emt 0:05:03]} Qd7 {[%emt 0:02:53]} 26. Qf3 {[%emt 0:01:42]} Nc6 {[%emt 0:02:22]} 27. g4 {[%emt 0:01:59]} Ne4 {[%emt 0:01:47]} 28. Ne2 {[%emt 0:03:46]} b5 {[%emt 0:04:46]} 29. Nf4 {[%emt 0:02:30]} a5 {[%emt 0:04:47]} 30. Nh5 {[%emt 0:00:53]} b4 {[%emt 0:15:07]} 31. Kh1 {[%emt 0:04:53]} Qd6 {[%emt 0:03:53]} 32. a4 {[%emt 0:02:07]} b3 {[%emt 0:00:51]} 33. Rg1 {[%emt 0:04:31]} Qd8 {[%emt 0:00:44]} 34. f6 {[%emt 0:02:22]} Nxf6 {[%emt 0:00:34]} 35. g5 {[%emt 0:07:17]} Nxh5 {[%emt 0:00:43]} 36. Qxh5 {[%emt 0:00:21]} g6 {[%emt 0:00:43]} 37. gxh6 {[%emt 0:01:28]} Kh7 {[%emt 0:00:23]} 38. Qf3 {[%emt 0:00:17]} Qd7 {[%emt 0:00:47]} 39. Rg5 {[%emt 0:03:08]} Qe6 {[%emt 0:00:29]} 40. Bd2 {[%emt 0:02:48]} Nxd4 {[%emt 0:00:32]} 41. Qxd5 {[%emt 0:02:05]} Nf5 {[%emt 0:00:23]} 42. Qxe6 {[%emt 0:02:38]} Rxe6 {[%emt 0:00:15]} 43. Bxa5 {[%emt 0:01:28]} Ra6 {[%emt 0:00:41]} 44. Bd2 {[%emt 0:00:47]} Rxa4 {[%emt 0:00:21]} 45. Bc3 {[%emt 0:03:07]} Nh4 {[%emt 0:12:13]} 46. Rg1 {[%emt 0:03:48]} Kxh6 {[%emt 0:04:44]} 47. Rd1 {[%emt 0:02:37]} Ra6 {[%emt 0:00:58]} 48. h3 {[%emt 0:00:46]} f6 {[%emt 0:00:59]} 49. Rd8 {[%emt 0:02:00]} Nf5 {[%emt 0:07:49]} 50. Rd7 {[%emt 0:06:41]} Rc6 {[%emt 0:01:37]} 51. Kg2 {[%emt 0:01:38]} g5 {[%emt 0:00:27]} 52. Kf3 {[%emt 0:01:13]} Rd6 {[%emt 0:03:46]} 53. Rc7 {[%emt 0:03:33]} Rd3+ {[%emt 0:00:41]} 54. Kg2 {[%emt 0:01:20]} Nh4+ {[%emt 0:00:42]} 55. Kf1 {[%emt 0:01:23]} Rxh3 {[%emt 0:00:50]} 56. Bxf6 {[%emt 0:01:32]} Rf3 {[%emt 0:00:37]} 57. Bg7+ {[%emt 0:02:20]} Kg6 {[%emt 0:00:33]} 58. Bd4 {[%emt 0:00:29]} Rf4 {[%emt 0:00:54]} 59. Rxc4 {[%emt 0:00:45]} Nf5 {[%emt 0:00:51]} 60. Rc6+ {[%emt 0:00:21]} Kh5 {[%emt 0:00:15]} 61. Bc3 {[%emt 0:00:56]} Ng3+ {[%emt 0:00:32]} 62. Kg2 {[%emt 0:00:54]} Ne4 {[%emt 0:00:41]} 63. f3 {[%emt 0:00:36]} Nxc3 {[%emt 0:00:09]} 64. Rxc3 {[%emt 0:00:05]} Rb4 {[%emt 0:00:36]} 65. Kg3 {[%emt 0:00:39]} 1/2-1/2

[Event "44th Open Sitges 2018"]
[Site "Sitges"]
[Date "2018.07.29"]
[Round "9"]
[White "Mas Mestres, Jordi"]
[Black "Todts, Benny"]
[Result "0-1"]
[WhiteElo "1825"]
[BlackElo "1938"]
[Annotator "NA"]
[PlyCount "32"]
[EventDate "2018.07.22"]
[EventType "swiss"]
[EventCountry "ESP"]
[SourceTitle "playchess.com"]
[Source "ChessBase"]
[SourceQuality "1"]
[TimeControl "40/5400+30:1800+30"]

1. d4 {[%emt 0:00:03]} c5 {[%emt 0:00:06]} 2. c3 {[%emt 0:00:51]} d5 {[%emt 0:00:10]} 3. Bf4 {[%emt 0:00:36]} Nc6 {[%emt 0:00:27]} 4. e3 {[%emt 0:00:44]} Bf5 {[%emt 0:01:36]} 5. Nd2 {[%emt 0:00:42]} Nf6 {[%emt 0:05:04]} 6. Ngf3 {[%emt 0:06:36]} e6 {[%emt 0:02:04]} 7. Bb5 {[%emt 0:07:27]} Qb6 {[%emt 0:03:03]} 8. Qa4 {[%emt 0:03:43]} a6 {[%emt 0:02:36]} 9. Bxc6+ {[%emt 0:00:13]} bxc6 {[%emt 0:00:11]} 10. dxc5 {[%emt 0:04:48]} Bxc5 {[%emt 0:02:47]} 11. Nb3 {[%emt 0:00:31]} Bc2 {[%emt 0:17:37]} 12. Nfd4 {[%emt 0:02:43]} Bxd4 {[%emt 0:00:38]} 13. Qxd4 {[%emt 0:02:39]} Qb5 {[%emt 0:03:01]} 14. Qc5 {[%emt 0:04:33]} Bxb3 {[%emt 0:00:24]} 15. Qxb5 {[%emt 0:00:10]} axb5 {[%emt 0:00:06]} 16. O-O {[%emt 0:03:08]} Bxa2 {[%emt 0:01:52]} 0-1